| 000 | 00669nam a22002297a 4500 | ||
|---|---|---|---|
| 999 |
_c6216 _d6216 |
||
| 003 | AR-CdUCM | ||
| 008 | 190314b ||||| |||| 00| 0 spa d | ||
| 040 |
_aMUNICIPALIDAD PROVINCIAL DEL CUSCO _cBIBLIOTECA MUNICIPAL DEL CUSCO |
||
| 041 | _hger | ||
| 082 |
_a868.47 / _bB13 |
||
| 100 |
_aBach, Ana Magdalena _917921 |
||
| 245 | _aLa pequeña crónica / | ||
| 260 |
_aSantiago : _bEditora Zig-Zag, _c1944. |
||
| 300 |
_a130 páginas ; _c17 cm. |
||
| 440 |
_aSerie Gris _n4 _917922 |
||
| 500 | _aDonación de la familia Nieto | ||
| 650 |
_aLiteratura _983 |
||
| 650 |
_aCrónica _9637 |
||
| 700 |
_aDiaz Arrieta, Hernan _917923 |
||
| 942 |
_2ddc _cLIBROS |
||
| 945 | _acmm | ||